000 00760cam a22002773a 4500
001 2369
003 PGUSA
005 20140828083014.0
008 041120s2004||||xxu|||||s|||||000 1 eng d
040 _aPGUSA
_beng
042 _adc
050 4 _aPS
100 1 _aCather, Willa,
_d1873-1947
245 1 0 _aOne of Ours
_h[electronic resource] /
_cWilla Cather
260 _bProject Gutenberg,
_c2004
506 _aPublic domain in the USA.
516 _aElectronic text
653 _aWorld War, 1914-1918 -- Fiction
653 _aSoldiers -- Fiction
653 _aWar stories
653 _aNebraska -- Fiction
653 _aFarm life -- Fiction
830 0 _aProject Gutenberg
_v2369
856 4 0 _uhttp://www.gutenberg.org/ebooks/2369
942 _cEB
999 _c231706
_d231706